01398cam a2200397 i 450000100060000000300090000600500170001500800410003201500180007302000150009104000280010604100130013404600090014708000100015608000110016610000280017724501680020524600550037326000480042830000260047633600270050233700540052933800280058338000160061138800140062738800140064149000280065565000270068365000310071065800300074170000270077170000360079871000340083483000340086885600980090233631KOSZ 00520250722063909.0980713s1997 pl |000 0 pol  aPB 1997/16110 a8301122668 aWA NcWA NdKOSZ 005/HR1 apolheng k1997 a005.2 a339.131 aHutt, Michael D.eAutor10aZarządzanie marketingiem :bstrategia rynku dóbr i usług przemysłowych /cMichael D. Hutt, Thomas W. Speh ; [konsultacja nauk. tł. z ang. Wanda Popławska].1 iTyt. oryg.:aBusiness marketing management,f1995. aWarszawa :bWydawnictwo Naukowe PWN,c1997. a803, [1] s. ;c24 cm. 2rdacontentaTekstbtxt 2rdamediaaBez urządzenia pośredniczącegobn 2rdacarrieraWoluminbnc aKsiążki a1901-2000 a1989-20001 aPrzedsiębiorczość 4aMarketing strategiczny 4aZarządzanie strategiczne aZarządzanie i marketing1 aSpeh, Thomas W.eAutor1 aPopławska, WandaeTłumaczenie2 aWydawnictwo Naukowe PWN4pbl. 0aPrzedsiębiorczość (PWN) uhttp://koha.tu.koszalin.pl/cgi-bin/koha/opac-detail.pl?biblionumber=33631yKatalog online BPK